The 2003 RICS and Macdonald & Company salary and benefits survey (Record no. 103184)

MARC details
000 -LEADER
fixed length control field 01104cam a2200241 4500
001 - CONTROL NUMBER
control field J124257
008 - FIXED-LENGTH DATA ELEMENTS--GENERAL INFORMATION
fixed length control field 031107n2003 000 0 eng u
035 ## - SYSTEM CONTROL NUMBER
System control number (Sirsi) u124257
041 ## - LANGUAGE CODE
Language code of text/sound track or separate title eng
050 ## - LIBRARY OF CONGRESS CALL NUMBER
Classification number 331.281333
-- 18
110 ## - MAIN ENTRY--CORPORATE NAME
Corporate name or jurisdiction name as entry element Royal Institution of Chartered Surveyors
9 (RLIN) 4900
245 #4 - TITLE STATEMENT
Title The 2003 RICS and Macdonald & Company salary and benefits survey
260 ## - PUBLICATION, DISTRIBUTION, ETC.
Place of publication, distribution, etc. London
Name of publisher, distributor, etc. Macdonald & Co.
Date of publication, distribution, etc. 2003
300 ## - PHYSICAL DESCRIPTION
Extent 43p.
Dimensions 30cm. + 1 booklet (ca. 70p. ; 21cm.)
520 ## - SUMMARY, ETC.
Summary, etc. Presents the findings from the latest RICS and Macdonald and Company salary survey in which over 3 000 surveying professionals from across the UK and worldwide took part. Provides statistics on current salaries, recent salary increases, bonuses and employment package benefits and insight into wider professional issues. Includes a summary tables booklet listing average salaries (excluding benefits).
650 ## - SUBJECT ADDED ENTRY--TOPICAL TERM
Topical term or geographic name entry element RICS
650 ## - SUBJECT ADDED ENTRY--TOPICAL TERM
Topical term or geographic name entry element SALARY SURVEYS
650 ## - SUBJECT ADDED ENTRY--TOPICAL TERM
Topical term or geographic name entry element SURVEYORS
650 ## - SUBJECT ADDED ENTRY--TOPICAL TERM
Topical term or geographic name entry element SURVEYING PROFESSION
690 ## - LOCAL SUBJECT ADDED ENTRY--TOPICAL TERM (OCLC, RLIN)
Topical term or geographic name as entry element MANAGEMENT-BUSINESS MANAGEMENT
710 ## - ADDED ENTRY--CORPORATE NAME
Corporate name or jurisdiction name as entry element Macdonald and Company
9 (RLIN) 3846
942 ## - ADDED ENTRY ELEMENTS (KOHA)
Suppress in OPAC 0
Holdings
Withdrawn status Lost status Source of classification or shelving scheme Damaged status Not for loan Home library Current library Shelving location Date acquired Total Checkouts Full call number Barcode Date last seen Copy number Price effective from Koha item type
    Dewey Decimal Classification     London London RICS Boxes 10/11/2003   RICS 2003/36 30067876 06/08/2019 1 06/08/2019 Archive
    Dewey Decimal Classification     London London RICS Boxes 10/11/2003   RICS 2003/36 30067880 06/08/2019 2 06/08/2019 Reference material
    Dewey Decimal Classification     London London RICS Boxes 10/11/2003   RICS 2003/36 30067884 06/08/2019 3 06/08/2019 Book
    Dewey Decimal Classification     Virtual Virtual Online 17/11/2003   ONLINE PUBLICATION 124257-3001 06/08/2019 1 06/08/2019 Book